000 02160nam2a2200289 4500
001 RU\NLR\BIBL_A\022127445
005 20240613162657.0
010 _a978-5-9275-4428-8
_bч. 2
_930
021 _aRU
_bКН-П-23-079398
_9КН-П-23-8028
035 _a(NLR Aleph) 022127445
035 _a(RuMoRGB)012441313
090 _a12825437
_c12825437
100 _a20240206d2023 u y0rusy50 ca
101 0 _arus
102 _aRU
105 _aa j 000yy
200 0 _aЧ. 2
_fВ. М. Глушань, О. Р. Норкин, С. С. Парфенова
210 _d2023
215 _a126, [1] с.
_cил., табл.
320 _aБиблиогр.: с. 124-127 (49 назв.) и в подстроч. примеч.
461 0 _1001RU\NLR\BIBL_A\016226524
_12001#$aОсновы системного анализа$eучебное пособие$eпо направлению "Информатика и вычислительная техника" (09.06.01)$eв двух частях$fВ. М. Глушань$gМинистерство науки и высшего образования Российской Федерации, Федеральное государственное автономное образовательное учреждение высшего образования "Южный федеральный университет", Инженерно-технологическая академия$vЧ. 2
_1700#1$aГлушань$bВ. М.$gВалентин Михайлович
_912754270
_aГлушань, В. М.
_cРостов-на-Дону
_d2022
_fВ. М. Глушань
_nИзд-во Южного федерального университета
_oучебное пособие : по направлению "Информатика и вычислительная техника" (09.06.01) : в двух частях
_tОсновы системного анализа
_y9785927541119
_vЧ. 2
701 1 _aНоркин
_bО. Р.
_gОлег Рауфатович
701 1 _aПарфенова
_bС. С.
_gСветлана Саркисовна
942 _cBOOK
980 _aNB